000 00603nam a2200205Ia 4500
001 57513
008 140417n2012 ii |||gr||||Z||||||465
020 _a81-7381-556-9
082 _a616
245 0 _aManual of Practical Microbiology and Parasitology
_cP. Chakraborty & Nishith K. Pal
_hTextual Documents
250 _aIst ed.
260 _aWest Bengal
_bNew Central Book Agency
_c2012
300 _a239pg:
_c23cm.
653 _aPG- Diseases
653 _aMicrobiology
653 _aParasitology
700 _aChakraborty, P. ,
_eAuthor.
700 _aPal, Nishith K. ,
_eAuthor.,
942 _2ddc
_cBK
999 _c57424
_d57424